000 00445nam a22001577a 4500
999 _c478319
_d478319
003 NUST
005 20180521065751.0
008 180521b ||||| |||| 00| 0 eng d
020 _a9781259007323
082 _a620.5
100 _aT. Pradeep
_910360
245 _aA Textbook of Nanoscience and Nanotechnology
_cT. Pradeep
260 _aNew Delhi
_bTata McGraw Hill Education Private Limited
_c2012
300 _a947p.
_bPb.
942 _2ddc
_cBK